00704 a2200205 4500999001500000010001400015020002300029035001300052037001500065082001400080100001800094245008300112250001100195260004900206270004500255300003000300500002000330942003300350952011500383 c5762d5762 aENG-87020 a0070659490c495.00 aEN-70553 bDBAD / PUB14a005.306811 aJones, Capers1 aEstimating software costs :cby Capers Jonesbbringing realism to estimating / a2nd ed aNew DelhibTata McGraw-Hill Publishingc2007 a7, West Patel Nagar,bNew Delhie110 008 axxvii, 653 pc23 cm (Pbk) aIncludes index adplcEN2ddch005.30681mJON 001040718NFICaDBADbDBADeDBAD/PUBg495.00l0o005.30681 JONpEN-70553r2008-09-15 00:00:00t1v495.00yEN